| 000 -LEADER |
| fixed length control field |
01511cam a22003977a 4500 |
| 001 - CONTROL NUMBER |
| control field |
17541285 |
| 003 - CONTROL NUMBER IDENTIFIER |
| control field |
NUST |
| 005 - DATE AND TIME OF LATEST TRANSACTION |
| control field |
20211206161404.0 |
| 008 - FIXED-LENGTH DATA ELEMENTS--GENERAL INFORMATION |
| fixed length control field |
121127s2012 enka 001 0 eng d |
| 010 ## - LIBRARY OF CONGRESS CONTROL NUMBER |
| LC control number |
2012472494 |
| 015 ## - NATIONAL BIBLIOGRAPHY NUMBER |
| National bibliography number |
GBB233137 |
| Source |
bnb |
| 020 ## - INTERNATIONAL STANDARD BOOK NUMBER |
| International Standard Book Number |
0750651202 |
| 035 ## - SYSTEM CONTROL NUMBER |
| System control number |
(OCoLC)ocn809028855 |
| 038 ## - RECORD CONTENT LICENSOR |
| Staff Name |
Asim zubair |
| 040 ## - CATALOGING SOURCE |
| Original cataloging agency |
QCL |
| Language of cataloging |
eng |
| Transcribing agency |
QCL |
| Modifying agency |
OCLCO |
| -- |
CDX |
| -- |
KSU |
| -- |
DLC |
| 042 ## - AUTHENTICATION CODE |
| Authentication code |
lccopycat |
| 050 00 - LIBRARY OF CONGRESS CALL NUMBER |
| Classification number |
T353 |
| Item number |
.S48 2004 |
| 082 04 - DEWEY DECIMAL CLASSIFICATION NUMBER |
| Classification number |
604.02 |
| Author Mark |
SIM |
| 100 1# - MAIN ENTRY--PERSONAL NAME |
| Personal name |
Simmons, C. H. & Maguire, D. E |
| Fuller form of name |
(Colin H.) |
| 9 (RLIN) |
85766 |
| 245 10 - TITLE STATEMENT |
| Title |
Manual of Engineering Drawing : |
| Remainder of title |
to British and international standards / |
| Statement of responsibility, etc. |
Colin H. Simmons, Neil Phelps, the late Dennis E. Maguire. |
| 250 ## - EDITION STATEMENT |
| Edition statement |
2th ed. |
| 260 ## - PUBLICATION, DISTRIBUTION, ETC. |
| Place of publication, distribution, etc. |
Oxford ; |
| -- |
Waltham [Mass.] : |
| Name of publisher, distributor, etc. |
Elsevier/Butterworth-Heinemann, |
| Date of publication, distribution, etc. |
2004. |
| 300 ## - PHYSICAL DESCRIPTION |
| Extent |
ix, 295 p. : |
| Other physical details |
ill. ; |
| Dimensions |
28 cm. |
| 500 ## - GENERAL NOTE |
| General note |
Previous ed.: London : Newnes, 2009. |
| 500 ## - GENERAL NOTE |
| General note |
Includes index. |
| 530 ## - ADDITIONAL PHYSICAL FORM AVAILABLE NOTE |
| Additional physical form available note |
Also issued online. |
| 563 ## - BINDING INFORMATION |
| Binding note |
Hard cover |
| 650 #0 - SUBJECT ADDED ENTRY--TOPICAL TERM |
| Topical term or geographic name entry element |
Mechanical drawing. |
| 9 (RLIN) |
85767 |
| 650 #0 - SUBJECT ADDED ENTRY--TOPICAL TERM |
| Topical term or geographic name entry element |
Mechanical drawing |
| General subdivision |
Standards. |
| 9 (RLIN) |
85768 |
| 700 1# - ADDED ENTRY--PERSONAL NAME |
| Personal name |
Phelps, Neil, |
| Titles and other words associated with a name |
IEng MIED. |
| 9 (RLIN) |
85769 |
| 700 1# - ADDED ENTRY--PERSONAL NAME |
| Personal name |
Maguire, D. E. |
| Fuller form of name |
(Dennis E.) |
| 9 (RLIN) |
85770 |
| 776 08 - ADDITIONAL PHYSICAL FORM ENTRY |
| Relationship information |
Online version : |
| Main entry heading |
Simmons, C. H. (Colin H.). |
| Title |
Manual of engineering drawing. |
| Edition |
4th ed. |
| Place, publisher, and date of publication |
Burlington : Butterworth Heinemann, c2012 |
| International Standard Book Number |
9780080966526 |
| Record control number |
(OCoLC)793995999 |
| 906 ## - LOCAL DATA ELEMENT F, LDF (RLIN) |
| a |
7 |
| b |
cbc |
| c |
copycat |
| d |
2 |
| e |
ncip |
| f |
20 |
| g |
y-gencatlg |
| 942 ## - ADDED ENTRY ELEMENTS (KOHA) |
| Source of classification or shelving scheme |
|
| Koha item type |
Book |